| 000 | 00682nam a2200265Ia 4500 | ||
|---|---|---|---|
| 003 | OSt | ||
| 005 | 20221007105939.0 | ||
| 006 | a|||||r|||| 00| 0 | ||
| 007 | ta | ||
| 008 | 221006b |||||||| |||| 00| 0 eng d | ||
| 024 | _a19,954 | ||
| 037 | _cTextual | ||
| 040 |
_aLCO _cLCO _beng |
||
| 041 |
_2eng _aeng |
||
| 082 | _aZ2,181, L4 | ||
| 100 | _aBrown S.R | ||
| 245 | 0 | _aCompany Directors | |
| 250 | _a3rd | ||
| 260 |
_aSydney _bLaw Book Company Limited Australia _c1974 |
||
| 300 | _a463 | ||
| 650 |
_aCOMPANY DIRECTORS _9706885 |
||
| 700 |
_a Grogan P.R _9706993 |
||
| 942 |
_hZ2,181, L4 _cTEXL |
||
| 999 |
_c1189517 _d1189517 |
||